000
00298nam a22001217a 4500
008
180216b xxu||||| |||| 00| 0 eng d
041
_a
eng
080
_a
61
100
_a
4
101
_a
SHM
245
_a
Gi masters program: healing horizons in acid reflux disease
_c
Richter,J.E
942
_2
udc
_c
BK
999
_c
42743
_d
42743